00429nam a2200157Ia 4500008004100000020001500041082001500056100002100071245006300092250000800155260003000163300002900193500001900222600001500241650001500256240925s9999 xx 000 0 und d a1403936048 a658.05 FAR aFarhoomand, Ali. 0aManaging (e) Business Transformatiom: a global perspective a1st aLondon:bPalgravec,2005. axvii, 588p.b0fOriginal aIncludes Index aManagement aManagement